Ekonomické aspekty aplikácie Vortec trubice

Na minha lista:
Detalhes bibliográficos
Autor principal: Capek, Matej (Author)
Outros Autores: Kolláth, Ľudovít (Thesis advisor)
Formato: Manuscrito Livro
Idioma:eslovaco
Publicado em: 2015
Assuntos:
Acesso em linha:http://is.stuba.sk/zp/portal_zp.pl?podrobnosti=112836
Tags: Adicionar Tag
Sem tags, seja o primeiro a adicionar uma tag!

MARC

LEADER 00000ntm a22000003a 4500
001 stuzp53988
003 SK-STU
005 20160719154612.4
007 ta
008 150427s2015----xo-----f-mn---000-0-slo-d
040 |a STU  |b slo 
041 0 |a slo 
100 1 |a Capek, Matej  |u 020070  |4 aut  |U SjF Strojnícka fakulta  |T SjF Ústav výrobných systémov, enviromentálnej techniky a manažment kvality  |X 8052  |U J0070  |Y 804  |7 A000008052 
242 0 1 |a Economical aspects of Vortec tube application  |y eng 
245 1 0 |a Ekonomické aspekty aplikácie Vortec trubice 
260 |c 2015 
650 4 |a Vortec trubica  |2 slo 
650 4 |a tepelná energia  |2 slo 
650 4 |a sušenie  |2 slo 
650 4 |a stlačený vzduch  |2 slo 
650 4 |a Vortec tube  |2 eng 
650 4 |a compressed air  |2 eng 
650 4 |a heat energy  |2 eng 
650 4 |a drying  |2 eng 
700 1 |a Kolláth, Ľudovít  |4 ths  |X 2409  |7 A000002409 
856 4 |u http://is.stuba.sk/zp/portal_zp.pl?podrobnosti=112836 
996 |b 284J043876  |c J* 2166/DP  |l JJSK  |s A  |a 24  |w stuzp53988_0001 
SQL |a stuzp53988  |b DDP  |c SLO  |d Ekonomické aspekty aplikácie Vortec trubice  |e 8052  |f Capek, Matej  |g 020070  |h 2409  |i Kolláth, Ľudovít  |j 20150618  |k 649  |l 02  |m http://is.stuba.sk/zp/portal_zp.pl?podrobnosti=112836  |n I-KPSP  |o 5.2.57. kvalita produkcie